000 00354nam a2200121Ia 4500
008 240731s9999 xx 000 0 und d
022 _a1753-3023
245 0 _aArts & Health : An International Journal for Research, Policy and Practice
260 _bTaylor & Francis
856 _uhttps://www.tandfonline.com/loi/rahe20
942 _2ddc
942 _cTFEJ
999 _c75439
_d75439
945 _a1
_bMadushi Gamage
_c1
_dMadushi Gamage